000 01477cam a22003497i 4500
001 2991
003 FISKH
005 20240220153742.0
008 140103t20142007nyu j 000 1 eng d
010 _a 2014930130
020 _a9781442499539 (hbk.)
020 _a1442499532 (hbk.)
035 _a(OCoLC)ocn850224621
040 _aBTCTA
_beng
_cBTCTA
_erda
_dBDX
_dMSA
_dOCO
_dCO2
_dATSHR
_dBKL
_dDLC
042 _alccopycat
050 0 0 _aPZ7.M869647
_bMad 2014
082 0 4 _a813.6
_223
100 1 _aMuchamore, Robert,
245 1 0 _aMad dogs /
_cRobert Muchamore.
250 _aThis edition published in 2014
260 _aLondon :
_bHodder Children's,
_c2007
300 _a398 pages ;
_c20 cm.
336 _atext
_btxt
_2rdacontent
337 _aunmediated
_bn
_2rdamedia
338 _avolume
_bnc
_2rdacarrier
490 1 _aCHERUB ;
_vmission 8
500 _aOriginally published in Great Britain 2007.
520 _aThe British underworld is controlled by gangs. When two of them start a turf war, violence explodes on to the streets. The police need information fast, and James Adams has the contacts to infiltrate the most dangerous gang of all. He works for Cherub. Cherubs are trained professionals, aged between ten and seventeen. They exist because criminals never suspect that kids are spying on them. For official purposes, these children do not exist.
650 0 _aSpy stories.
906 _a7
_bcbc
_ccopycat
_d2
_encip
_f20
_gy-gencatlg
942 _2ddc
_cBK
_n0
999 _c2991
_d2991